01458nam a2200337 a 4500001001200000003000800012006001900020007001500039008004100054010001700095020002800112040002100140035002000161050002300181082002500204100003600229245012600265250001200391260006100403300002400464504006400488533015200552650006200704650005800766650005100824650005600875655002900931710001700960856012600977999001701103ebr10046101CaPaEBRm u cr cn|||||||||021118s2003 txua sb 001 0 eng  z 2002153965 z1585442445 (alk. paper) aCaPaEBRcCaPaEBR a(OCoLC)5409306114aTT972b.B53 2003eb04a646.7/2/089960732211 aBlackwelder, Julia Kirk,d1943-10aStyling Jim Crowh[electronic resource] :bAfrican American beauty training during segregation /cJulia Kirk Blackwelder. a1st ed. aCollege Station :bTexas A & M University Press,cc2003. axii, 183 p. :bill. aIncludes bibliographical references (p. 171-176) and index. aElectronic reproduction.bPalo Alto, Calif. :cebrary,d2013.nAvailable via World Wide Web.nAccess may be limited to ebrary affiliated libraries. 0aHairdressing of African AmericansxHistoryy20th century. 0aBeauty culturezUnited StatesxHistoryy20th century. 0aAfrican American womenxHistoryy20th century. 0aBeauty shopszUnited StatesxHistoryy20th century. 7aElectronic books.2local2 aebrary, Inc.40uhttp://site.ebrary.com/lib/rucke/Doc?id=10046101zAn electronic book accessible through the World Wide Web; click to view c74154d74154